logo

Bir Sreshtho Munshi Abdur Rouf Library
Jhenaidah Cadet College

Asian drama : (Record no. 8009)

MARC details
000 -LEADER
fixed length control field 00855cam a2200289 a 4500
001 - CONTROL NUMBER
JCCL Control Number 8009
003 - CONTROL NUMBER IDENTIFIER
JCCL marc code BD-JhCC
005 - DATE AND TIME OF LATEST TRANSACTION
control field 20180217135703.0
008 - FIXED-LENGTH DATA ELEMENTS--GENERAL INFORMATION
fixed length control field 000207s1972 enk 00110 eng d
020 ## - INTERNATIONAL STANDARD BOOK NUMBER
International Standard Book Number 0713902795
035 ## - SYSTEM CONTROL NUMBER
system control number (BD-JhCC)8009
035 ## - SYSTEM CONTROL NUMBER
system control number 2430955
040 ## - CATALOGING SOURCE
Original cataloging agency VBX
Transcribing agency VBX
Modifying agency BD-JhCC
041 ## - LANGUAGE CODE
Language code of Book eng
082 1# - DEWEY DECIMAL CLASSIFICATION NUMBER
Classification number 330.954
DDC Edition number 19
Author mark and Year MYR 1972
100 1# - MAIN ENTRY--PERSONAL NAME
Personal name Myrdal, Gunnar,
Dates associated with a name 1898-
245 10 - TITLE STATEMENT
Title Asian drama :
Remainder of title an inquiry into the poverty of nations /
Statement of responsibility, etc Gunnar Myrdal ; an abridgement by Seth S. King of the Twentieth Century Fund Study.
250 ## - EDITION STATEMENT
Edition statement Abridged ed.
260 ## - PUBLICATION, DISTRIBUTION, ETC. (IMPRINT)
Place of publication, distribution, etc London :
Name of publisher, distributor, etc Allen Lane,
Date of publication, distribution, etc 1972.
300 ## - PHYSICAL DESCRIPTION
Pagination x, 388 p. ;
Dimensions 23 cm.
500 ## - GENERAL NOTE
General note Includes index.
651 #0 - SUBJECT ADDED ENTRY--GEOGRAPHIC NAME
Geographic name Asia
General subdivision Economic conditions.
651 #0 - SUBJECT ADDED ENTRY--GEOGRAPHIC NAME
Geographic name Southeast Asia
General subdivision Economic conditions.
700 1# - ADDED ENTRY--PERSONAL NAME
Personal name King, Seth S.
942 ## - ADDED ENTRY ELEMENTS (KOHA)
Source of classification or shelving scheme Dewey Decimal Classification
Koha item type Books
Holdings
Source of classification or shelving scheme volume number Damaged status Not for loan Home library Current library Shelving location Total Checkouts Full call number Barcode Date last seen Copy number Koha item type
Dewey Decimal Classification V-1     JCC Rouf Library JCC Rouf Library General Stacks   330.954 MYR 1972 10585 02/17/2018 C-1 Books
Dewey Decimal Classification V-3     JCC Rouf Library JCC Rouf Library General Stacks   330.954 MYR 1972 10586 02/17/2018 C-2 Books

JCC Library | Contacts | JCC Home

Last Update on 23 September 2017
Copyright @ 2017-2020 JCC Rouf Library
Rouf Library, Jhenidah Cadet College (JCC), Bangladesh